Responses for Show #5473 - Wednesday, May 28, 2008

Larissa Kelly game 7.

Contestants

[<< previous game]

Nan Reiner, an attorney from Alexandria, Virginia

Pat Roche, a trainer from East Greenbush, New York

Larissa Kelly, a grad student from El Cerrito, California (whose 6-day cash winnings total $222,597)

[next game >>]

Jeopardy! Round responses

ZOOLOGY
FOOTBALL COACHES
FIRST NAMES
CELEBRITIES' FAVORITE BOOKS
RANKS & TITLES
WORDS IN ALEX TREBEK
(Alex: These are words that can be made from the letters in my first and last name.)
    $200 1
rats

Pat
    $200 2
Pop

Pat
    $200 13
Sean

Larissa
    $200 11
David Copperfield

Larissa
    $200 26
prime minister

Larissa
    $200 16
an axe

Pat
    $400 7
the vulture

Nan
    $400 3
Paul "Bear" Bryant

Pat
    $400 22
blessed

Nan
    $400 12
Elia Kazan

Nan
    $400 27
commander

Larissa
    $400 17
era

Nan
    $600 8
chameleon

Larissa
    $600 4
Tom Landry

Pat
    $600 23
Engelbert

Nan
    $600 14
Cormac McCarthy

Larissa
    $600 28
cardinals

Nan
    $600 18
a beret

Nan
    $800 9
(Pat: What is a kangaroo?)
(Larissa: What is a koala?)
(Nan: What is an opossum?)

a wombat

LarissaPatNan
Triple Stumper
    $800 5
Tom Osborne

Pat
    $800 24
Clarence

Pat
    $800 15
Leon Uris

Nan
    $800 29
private

Larissa
    $800 19
an axle

Pat
    $1000 10
a candlefish

Triple Stumper
    $1000 6
[Applause for Pat's run of the category]

the Buffalo Bills

Pat
    $1000 25
Kate

Nan
    $1000 21
Ray Bradbury

Larissa
    $4,000 30
(Larissa: [Long pause] What is...)
[The time expiry signal sounds.]
(Larissa: Sorry.)
(Alex: Just ask Maurice [*]. [*] of the Legion of Honor.)

chevalier

Larissa
    $1000 20
beak

Larissa

Scores at the first commercial break (after clue 15):

Larissa Pat Nan
$800 $2,400 $800

Scores at the end of the Jeopardy! Round:

Larissa Pat Nan
$200 $4,200 $4,400

Double Jeopardy! Round responses

THE THUNDERBIRDS
RECENT CINEMA
INTERNATIONAL FACTS
HEY, J.J.!
DUTCH ROYALTY
THE "PH" FACTOR
    $400 11
the Air Force

Pat
    $400 1
Cloverfield

Larissa
    $400 6
Monaco

Larissa
    $400 16
Jesse Jackson

Nan
    $400 24
the New York Marathon

Larissa
    $400 22
the Philistines

Larissa
    $800 12
Mach

Pat
    $800 2
Enchanted

Triple Stumper
    $800 7
Bombay

Larissa
    $800 17
Janis Joplin

Pat
    $800 29
Annette

Larissa
    $800 28
the pharynx

Nan
    $3,000 13
a barrel roll

Pat
    $1200 3
Ben Affleck

Pat
    $1200 8
(Larissa: What is 90?)
...
(Alex: Half of 90, yes.)

45

LarissaPat
    $1200 18
Jasper Johns

Nan
    $8,000 30
(Larissa: What is Amsterdam?)

The Hague

Larissa
    $1200 27
Phillips

Nan
    $1600 14
a head-up display

Triple Stumper
    $1600 4
Mount Rushmore

Triple Stumper
    $1600 9
Bobby Fischer

Larissa
    $1600 19
Jim Jeffords

Pat
    $1600 21
Argentina

Nan
    $1600 23
pheromones

Pat
    $2000 15
(Pat: Who is the Red Baron?)
(Nan: Who is Baron von Richthofen?)

the Immelmann turn

PatNan
Triple Stumper
    $2000 5
Charlie Wilson

Larissa
    $2000 10
Mount Olympus

Pat
    $2000 20
Jim Jarmusch

Larissa
    $2000 26
(Nan: Who is Wilhelmina?)

Queen Juliana

Nan
Triple Stumper
    $2000 25
(Pat: What is phonetics?)

philosophy

LarissaPat

Scores at the end of the Double Jeopardy! Round:

Larissa Pat Nan
$1,800 $12,800 $5,600
(lock game)

[wagering suggestions for these scores]

Final Jeopardy! Round responses

20th CENTURY LEADERS
(Alex: And we're going to say goodbye to Larissa, who's leaving us with $222,000 and change. And we'll see you in our Tournament of Champions.)
LarissaWho is Churchill?
$0
NanWho was Winston Churchill?
$1,999
PatWho is W. Churchill?
$900
Winston Churchill

Final scores:

Larissa Pat Nan
$1,800 $13,700 $7,599
3rd place: $1,000 New champion: $13,700 2nd place: $2,000

Game dynamics:

Coryat scores:

Larissa Pat Nan
$13,800 $11,000 $5,600
19 R,
4 W
(including 2 DDs)
18 R
(including 1 DD),
3 W
14 R,
3 W

Combined Coryat: $30,400

[game clues] [game scores] [suggest correction]

Game tape date: 2008-02-20
The J! Archive is created by fans, for fans. Scraping, republication, monetization, and malicious use prohibited; this site may use cookies and collect identifying information. See terms. The Jeopardy! game show and all elements thereof, including but not limited to copyright and trademark thereto, are the property of Jeopardy Productions, Inc. and are protected under law. This website is not affiliated with, sponsored by, or operated by Jeopardy Productions, Inc. Join the discussion at JBoard.tv.